00230nam a2200109Ia 4500008004100000100001500041245001800056260000800074260000900082546001200091999001700103170619s9999 xx 000 0 und d aHolman J P 0aHeat transfer bTMH c2001 aENGLISH c16728d16728